Statistiche per Ricostruisci la Carriera del Calciatore - Daniele Rugani

Clicka qui per fare il quiz!

Statistiche generali

  • Questo quiz è stato fatto 8 volte
  • Il punteggio medio è 4 su 5

Statistiche sulle risposte

HintRisposta% Corretto
2021Cagliari
100%
2013-2015 Empoli
86%
2015-2020 Juventus
86%
2021- Juventus
86%
2020-2021Rennes
43%

Distribuzione punteggi

Percentile per numero di risposta

Percentuale di utenti per punteggio

I tuoi punteggi nel tempo

Non hai fatto questo quiz